| 000 | 00757nam a2200193Ia 4500 | ||
|---|---|---|---|
| 999 |
_c43612 _d43612 |
||
| 003 | GCL | ||
| 005 | 20240530103936.0 | ||
| 008 | 140319s9999 xx 000 0 ara d | ||
| 040 |
_aGCL / _cGCL |
||
| 082 | 0 | 4 |
_a320.1 _bا و |
| 100 | 0 | _aاحمد صدقى الدجانى | |
| 245 | 1 | 0 |
_aوحدة التنوع وحضارة عربية اسلامية فى عالم مترابط / _cاحمد صدقى الدجانى |
| 260 |
_a[S.N] : _bدار المسيرة للنشر والتوزيع والطباعة ، _c1990 |
||
| 300 | _a334 ص | ||
| 650 | 0 | 4 | _aالحضارة العربية الاسلامية - المعارف البحرية |
| 650 | 0 | 4 | _aالاسلام والعلاقات الخارجية |
| 650 | 0 | 4 | _aالدول العربية |
| 942 |
_2ddc _cBK |
||